01924nam a22002537a 4500003000400000005001700004008004100021020001800062040002100080041001300101082001500114100002500129245008100154250002200235260003200257300002900289500000600318520118300324546002701507650001901534650004001553650003201593700004501625OSt20250521163737.0200127s2014 sp |||jr|||| 000 fdspa d a9788415433989 aCO-JMCRcCO-JMCR1 aspaheng aJ-NbFALa 1 aFalls, Kat, eautora10aAguas turbulentas / cKat Falls ; traducción de Cristina García-Altozano aPrimera edición aMadrid : bPámies, c2014 a301 páginas ; c23 cm. a  aUna cadena de terremotos ha sacudido la tierra y regiones enteras han quedado sumergidas bajo el agua. Los humanos viven ahora hacinados en ciudades. Los únicos que poseen un espacio propio son los habitantes del lecho marino, los Abisales. También los Sobs, que viven en municipios -grandes ciudades- naves que surcan los mares-, y se dedican al comercio y al contrabando. Ty siempre ha sabido que el océano es un lugar peligroso. Cada vez que se aventura fuera de los límites de la granja submarina de sus padres está preparado para hacer frente a toda clase de depredadores marinos: tiburones, calamares gigantes, orcas asesinas... Pero para lo que no está preparado es para encontrarse con un municipio encadenado a un avión hundido, con todos sus habitantes condenados a una tumba en el fondo del mar, y a que sus padres sean secuestrados por un grupo de Sobs cuando iban a vender su cosecha de algas. Ahora, en una lucha desesperada contra el reloj para salvar la vida de sus progenitores, y con la ayuda de su amiga Gemma, deberá enfrentarse a políticos corruptos, criminales, los salvajes Sobs y alguna de las criaturas más mortíferas del océano. aTraducido del inglés14aNovela juvenil14aColonias submarinasxnovela juvenil14aForajidosxnovela ficción aGarcía-Altozano, Cristina,etraductora